| 000 | 00453nam a22001337a 4500 | ||
|---|---|---|---|
| 020 | _a978-93-87766-35-8 | ||
| 082 |
_a001 _bKUM/C |
||
| 100 | _aKUMAR, PURUSHOTTAM | ||
| 245 | _aCONCISE GENERAL KNOWLEDGE | ||
| 260 |
_aDELHI _bCL MEDIA _c2018 |
||
| 520 | _aUNION BUDGET 2018-19/ 2017 AT A GLSNCE, GENERAL AWARENESS, INDIAN HISTORY, GEOGRAPHY, INDIAN POLITY, INDIAN ECONOMY, SCIENCE AND TECHNOLOGY, SPORTS | ||
| 650 |
_aGENERAL KNOWLEDGE _zINDIA |
||
| 942 | _cBK | ||
| 999 |
_c6535 _d6535 |
||